000 00435nam a2200169Ia 4500
003 GCL
008 140319s9999 xx 000 0 eng d
040 _aGCL /
_cGCL
082 0 4 _a005.13
_bT S
100 1 _aTENNENT, R.D.
245 1 0 _aSEMANTICS OF PROGRAMMING LANGUAGES /
_cTENNENT, R.D.
260 _a[S.N] :
_bPRENTICE HALL ،
_c1991
300 _a236 P
650 0 4 _aPROGRAMMING
650 0 4 _aCOMPUTER SYSTEM
942 _2ddc
_cBK
999 _c23803
_d23803